Sports Quiz

Random Sports or Soccer Quiz
Score 0/59 Timer 08:00
2 Plays Today
Goals Player % Correct
21Romelu Lukaku
96.3%
17Eden Hazard
95%
6Jan Vertonghen
89.5%
4Vincent Kompany
87.4%
12Christian Benteke
86.4%
14Marouane Fellaini
85.2%
12Kevin De Bruyne
83.6%
12Dries Mertens
82.5%
8Axel Witsel
82.3%
2Toby Alderweireld
80.8%
28Marc Wilmots
78.2%
1Thomas Vermaelen
76.7%
5Moussa Dembélé
74.4%
10Daniel Van Buyten
74%
3Divock Origi
73.9%
24Wesley Sonck
73.6%
3Mbo Mpenza
72.7%
19Émile Mpenza
72.7%
10Kevin Mirallas
69.3%
6Timmy Simons
67.3%
4Nacer Chadli
66.1%
1Thomas Meunier
65%
3Yannick Carrasco
61.6%
2Steven Defour
61.3%
13Bart Goor
59.9%
5Radja Nainggolan
59.6%
10Gert Verheyen
56.1%
3Michy Batshuayi
55.6%
3Nicolas Lombaerts
49.1%
2Jelle Vossen
46.5%
Goals Player % Correct
5Branko Strupar
44.9%
6Thomas Buffel
42.2%
2Johan Walem
41.8%
1Guillaume Gillet
41.8%
4Marvin Ogunjimi
40.3%
2Anthony Vanden Borre
40.2%
2Yves Vanderhaeghe
37.8%
8Lorenzo Staelens
37.1%
4Bob Peeters
37.1%
1Laurent Ciman
36.7%
3Nico Van Kerckhoven
33.5%
1Peter Van der Heyden
33.5%
2Luigi Pieroni
31.8%
1Philippe Clement
30.4%
1Glen De Boeck
30.1%
1Kevin Vandenbergh
28.5%
1Walter Baseggio
28.4%
1Laurent Depoitre
25.8%
4Karel Geraerts
22.5%
1Carl Hoefkens
20.5%
1Gill Swerts
19%
1Tom Caluwé
18%
1Christophe Lepoint
17.8%
3Koen Daerden
17.6%
1Tom Soetaers
17.1%
2Stefaan Tanghe
16.3%
1Jurgen Cavens
15.4%
1Kevin Roelandts
13.1%
1Grégory Dufer
12.1%

You're not logged in!

Compare scores with friends on all Sporcle quizzes.
OR
Log In

Sporcle TV

Today on Sporcle TV


Watch our educational content, quiz creation guides, and fun videos on Sporcle TV.

Show Comments

Extras

Top Quizzes Today


Score Distribution

Paid Content

Your Account Isn't Verified!

In order to create a playlist on Sporcle, you need to verify the email address you used during registration. Go to your Sporcle Settings to finish the process.

Report this User

Report this user for behavior that violates our Community Guidelines.

Details: